Felipe V, Archiduque Carlos / (Record no. 193422)

MARC details
000 -LEADER
campo de control de longitud fija 01701nam a2200397 i 4500
001 - NÚMERO DE CONTROL
campo de control 193422
003 - IDENTIFICADOR DE NÚMERO DE CONTROL
campo de control ES-MaACL
005 - FECHA Y HORA DE LA ÚLTIMA TRANSACCIÓN
campo de control 20250822004011.0
008 - DATOS DE LONGITUD FIJA--INFORMACIÓN GENERAL
campo de control de longitud fija 231129b sp ||||| |||| 00| 0 spa d
017 ## - NÚMERO DE COPYRIGHT O DE DEPÓSITO LEGAL
Número de copyright o de depósito legal M 13353-2007
Agencia que asigna Oficina Depósito Legal Madrid
020 ## - NÚMERO INTERNACIONAL ESTÁNDAR DEL LIBRO
Número Internacional Estándar del Libro 9788495503664
040 ## - FUENTE DE CATALOGACIÓN
Centro catalogador/agencia de origen SpMaBN
Lengua de catalogación spa
Centro/agencia transcriptor SpMaBN
Normas de descripción rdc
080 ## - NÚMERO DE LA CLASIFICACIÓN DECIMAL UNIVERSAL
Número de la Clasificación Decimal Universal 929 Felipe (460) V
080 ## - NÚMERO DE LA CLASIFICACIÓN DECIMAL UNIVERSAL
Número de la Clasificación Decimal Universal 929 Carlos (430) VI
080 ## - NÚMERO DE LA CLASIFICACIÓN DECIMAL UNIVERSAL
Número de la Clasificación Decimal Universal 94(460)"1700/14"
100 0# - ENTRADA PRINCIPAL--NOMBRE DE PERSONA
9 (RLIN) 19071
Nombre de persona Alabrús Iglesias, Rosa María
Término indicativo de función/relación Autor
245 00 - MENCIÓN DEL TÍTULO
Título Felipe V, Archiduque Carlos /
Mención de responsabilidad, etc. Rosa María Alabrús Iglesias
260 ## - PUBLICACIÓN, DISTRIBUCIÓN, ETC.
Lugar de publicación, distribución, etc. Madrid :
Nombre del editor, distribuidor, etc. Arlanza Ediciones ;
-- Tranquilo Producciones,
Fecha de publicación, distribución, etc. [2007]
300 ## - DESCRIPCIÓN FÍSICA
Extensión 48 páginas :
Otras características físicas ilustraciones (color) +
Material acompañante/anejo 1 DVD-Vídeo
336 ## - TIPO DE CONTENIDO
Fuente rdacontent
Término de tipo de contenido Texto
337 ## - TIPO DE MEDIO
Fuente rdamedia
Nombre/término del tipo de medio sin mediación
338 ## - TIPO DE SOPORTE
Fuente rdacarrier
Nombre/término del tipo de soporte volumen
490 1# - MENCIÓN DE SERIE
Mención de serie Vidas cruzadas ;
Designación de volumen o secuencia 2
500 ## - NOTA GENERAL
Nota general En cub.: La Aventura de la historia
500 ## - NOTA GENERAL
Nota general Cronología
520 3# - RESUMEN, ETC.
Sumario, etc. Vídeo: Se relatan los enfrentamientos, tras la muerte de Carlos II en 1700, entre Felipe de Anjou y el archiduque Carlos de Austria, como aspirantes al trono de España en la Guerra de Sucesión
600 04 - PUNTO DE ACCESO ADICIONAL DE MATERIA--NOMBRE DE PERSONA
Nombre de persona Felipe
Numeración V,
Títulos y otros términos asociados al nombre Rey de España
9 (RLIN) 49182
600 04 - PUNTO DE ACCESO ADICIONAL DE MATERIA--NOMBRE DE PERSONA
Nombre de persona Carlos
Numeración VI,
Títulos y otros términos asociados al nombre Emperador del Sacro Imperio Romano Germánico,
Fechas asociadas al nombre 1685-1740
9 (RLIN) 175791
650 #7 - PUNTO DE ACCESO ADICIONAL DE MATERIA--TÉRMINO DE MATERIA
Término de materia o nombre geográfico como elemento de entrada Guerra de Sucesión española, 1700-1714
Fuente del encabezamiento o término embne
9 (RLIN) 140912
830 #0 - PUNTO DE ACCESO ADICIONAL DE SERIE-TÍTULO UNIFORME
9 (RLIN) 234605
Título uniforme Vidas cruzadas (Madrid) ;
Designación de volumen o secuencia 2
852 ## - LOCALIZACIÓN
Ubicación ES-MaACL
Ubicación en estantería Depósito folletos
Número de control de estantería 2333-F-28
itemnumber 200883
Donativo/Legado Donación: Editorial
852 ## - LOCALIZACIÓN
Ubicación ES-MaACL
Ubicación en estantería Rotativo
Donativo/Legado Donación: Editorial
itemnumber 203362
Número de control de estantería ROT 6/2/30
942 ## - ELEMENTOS DE ENTRADA SECUNDARIOS (KOHA)
Suprimir en OPAC No
Tipo de ítem Koha Folleto
Holdings
Estatus retirado Estado de pérdida Fuente del sistema de clasificación o colocación Estado de daño No para préstamo Colección Biblioteca de origen Biblioteca actual Ubicación en estantería Fecha de adquisición Fuente de adquisición Total de préstamos Signatura topográfica completa Código de barras Visto por última vez Tipo de ítem Koha Precio de reemplazo
    Clasificación decimal universal     Colección de folletos Biblioteca del Ateneo de Madrid Biblioteca del Ateneo de Madrid Depósito folletos 29/11/2023 Donación   2333-F-28 101206169 29/11/2023 Folleto  
    Clasificación decimal universal       Biblioteca del Ateneo de Madrid Biblioteca del Ateneo de Madrid Rotativo 11/06/2024 Donación   ROT 6/2/30 101228412 11/06/2024 DVD 11/06/2024